Normal view
MARC view
Entry Nome pessoal
001 - NÚMERO DE CONTROLE
- campo de controle: 225
003 - IDENTIFICADOR DO NÚMERO DE CONTROLE
- campo de controle: Br
005 - DATA E HORÁRIO DA ÚLTIMA TRANSAÇÃO
- campo de controle: 20250127075938.0
008 - CAMPO DE DADOS FIXOS
- campo de controle de tamanho fixo: 991130|| acnnnaab| aaaa d
035 ## - NÚMERO DE CONTROLE DO SISTEMA
- Número de Controle do Sistema: 99113016335661E18
040 ## - FONTE DA CATALOGAÇÃO
- Instituição da catalogação original: Br
- Instituição que transcreveu o registro: Br
100 1# - CABEÇALHO--NOME PESSOAL
- Nome pessoal: Capote, Truman,
- Datas associadas ao nome: 1924-1984
400 1# - REMISSIVA VER--NOME PESSOAL
- Nome pessoal: Persons, Truman Streckfus
- Datas associadas ao nome: 1924-1984
400 1# - REMISSIVA VER--NOME PESSOAL
- Nome pessoal: Kapote, Trumen
- Datas associadas ao nome: 1924-1984
670 ## - FONTE POSITIVA DOS DADOS
- Citação da fonte positiva dos dados: Autor de: A sangue-frio...[1965]
670 ## - FONTE POSITIVA DOS DADOS
- Citação da fonte positiva dos dados: LC Microf. 77/81 set.
- Dados encontrados na fonte localizada no subcampo: (AACR2)
670 ## - FONTE POSITIVA DOS DADOS
- Citação da fonte positiva dos dados: LC 63/67
- Dados encontrados na fonte localizada no subcampo: (d.n.; ed. orig.)
670 ## - FONTE POSITIVA DOS DADOS
- Citação da fonte positiva dos dados: O Globo 26-08-84
- Dados encontrados na fonte localizada no subcampo: (D.)
670 ## - FONTE POSITIVA DOS DADOS
- Citação da fonte positiva dos dados: LC name aut., 1987/92
- Dados encontrados na fonte localizada no subcampo: (d.m. 1984)
670 ## - FONTE POSITIVA DOS DADOS
- Citação da fonte positiva dos dados: http://pt.wikipedia.org/ 26/08/14
- Dados encontrados na fonte localizada no subcampo: (nasceu em Nova Orleans, 30/12/1924 e morreu em Los Angeles, 25/08/1984 ; foi um escritor, roteirista e dramaturgo norte-americano, escritor de vários contos, romances e peças teatrais, reconhecidas como clássicos literários, incluindo a novela Bonequinha de Luxo (1958). Foi o pioneiro do jornalismo literário com A Sangue Frio (1966), classificado por ele como um romance de não-ficção)
670 ## - FONTE POSITIVA DOS DADOS
- Citação da fonte positiva dos dados: http://authorities.loc.gov/ 26/08/14
- Dados encontrados na fonte localizada no subcampo: (D. ; rem.)